000 00341 a2200145 4500
001 48271
040 _cAnchieta - Bela Vista
100 _aAzevedo, Ricardo
240 1 0 _aO livro dos pontos de vista
_lpor
245 1 0 _aO livro dos pontos de vista
300 _a64p.
362 0 _a2006
650 4 _aLiteratura infanto-juvenil
942 _cBK
999 _c48271
_d48271